Экономика предприятия (фирмы): учебник для вузов

Detalles Bibliográficos
Outros autores: Горфинкель В. Я. Владимир Яковлевич (редактор)
Summary:Рассматривается место предприятия (фирмы) в условиях рыночной экономики. Представлены производственные и трудовые ресурсы предприятия (фирмы), изложена организация производства и труда. Уделено внимание экономическому и организационному механизмам управления производством. Определенное место занимает инновационная и инвестиционная деятельность предприятия (фирмы). В заключительном разделе приведено содержание финансовой и учетной работы на предприятии. Учебник предназначен для студентов высших учебных заведений, менеджеров и экономистов предприятий (фирм).
Idioma:ruso
Publicado: Москва, Проспект, 2011
Subjects:
Formato: Libro
KOHA link:https://koha.lib.tpu.ru/cgi-bin/koha/opac-detail.pl?biblionumber=183809

MARC

LEADER 00000nam0a2200000 4500
001 183809
005 20231101223806.0
010 |a 9785392014576 
035 |a (RuTPU)RU\TPU\book\199270 
090 |a 183809 
100 |a 20100823d2011 m y0rusy50 ca 
101 0 |a rus 
102 |a RU 
105 |a a j 001zy 
200 1 |a Экономика предприятия (фирмы)  |e учебник для вузов  |f под ред. В. Я. Горфинкеля 
210 |a Москва  |c Проспект  |d 2011 
215 |a 640 с.  |c ил. 
320 |a Библиогр.: с. 625-629. 
320 |a Термины и определения: с. 630-637. 
330 |a Рассматривается место предприятия (фирмы) в условиях рыночной экономики. Представлены производственные и трудовые ресурсы предприятия (фирмы), изложена организация производства и труда. Уделено внимание экономическому и организационному механизмам управления производством. Определенное место занимает инновационная и инвестиционная деятельность предприятия (фирмы). В заключительном разделе приведено содержание финансовой и учетной работы на предприятии. Учебник предназначен для студентов высших учебных заведений, менеджеров и экономистов предприятий (фирм). 
606 1 |a Фирмы  |x Экономика  |2 stltpush  |3 (RuTPU)RU\TPU\subj\37240  |9 58338 
610 1 |a предприятия 
610 1 |a рыночная экономика 
610 1 |a предпринимательская деятельность 
610 1 |a конкурентоспособность 
610 1 |a маркетинг 
610 1 |a экстенсивное развитие 
610 1 |a интенсивное развитие 
610 1 |a основные фонды 
610 1 |a трудовые ресурсы 
610 1 |a организация производства 
610 1 |a вспомогательные производства 
610 1 |a оплата труда 
610 1 |a инновационное производство 
610 1 |a планирование 
610 1 |a реструктуризация 
610 1 |a информационное обеспечение 
610 1 |a учетная политика 
610 1 |a управленческие решения 
610 1 |a антикризисное управление 
610 1 |a инновации 
610 1 |a инвестиции 
610 1 |a техническое регулирование 
610 1 |a системный подход 
610 1 |a финансы 
610 1 |a денежный капитал 
610 1 |a издержки производства 
610 1 |a бухгалтерский учет 
610 1 |a налогообложение 
610 1 |a налоги 
610 1 |a учебники 
686 |a У9(2)29я73  |v LBC/SL-A  |2 rubbk 
702 1 |a Горфинкель  |b В. Я.  |g Владимир Яковлевич  |4 340 
801 1 |a RU  |b 63413507  |c 20100823 
801 2 |a RU  |b 63413507  |c 20170331  |g RCR 
900 |a Экономика предприятия и основы управления производством 
942 |c BK 
959 |a 50/20100823  |d 15  |e 286,00  |f АНЛ:1  |f ЧЗГЛ:1  |f УФ:13